| 000 | 00508nam a2200181Ia 4500 | ||
|---|---|---|---|
| 005 | 20250508161105.0 | ||
| 008 | 008 250505s9999 xx 000 0 hin d | ||
| 037 | _aReference | ||
| 040 |
_aFEDL _beng _cFEDL |
||
| 041 |
_ahin _2eng |
||
| 084 |
_a491.435, GOS _qFEDL |
||
| 100 | _aGoswami Krishan Kumar | ||
| 245 | 0 | _aShekshik vyakaran aur veyaharik hindi | |
| 260 |
_aDelhi, India _bAlekh Prakashan _c1981 |
||
| 300 | _a224p. | ||
| 942 |
_cREF _h491.435, GOS |
||
| 999 |
_c1368374 _d1368374 |
||